|
|
|
|
| LEADER |
00000nam a2200000 a 4500 |
| 001 |
115614 |
| 003 |
CZ ZlUTB |
| 005 |
20260507090951.0 |
| 007 |
ta |
| 008 |
050420s2005 xr e 000 0 cze |
| 015 |
|
|
|a cnb001528275
|
| 020 |
|
|
|a 80-239-4667-6
|q (brož.)
|
| 035 |
|
|
|a (OCoLC)85140544
|
| 040 |
|
|
|a BOA001
|b cze
|d ABA001
|
| 043 |
|
|
|a e-xr---
|
| 072 |
|
7 |
|a 376
|x Výchova a vzdělávání zvláštních skupin osob
|2 Konspekt
|9 22
|
| 080 |
|
|
|a 37.043.2
|2 MRF
|
| 080 |
|
|
|a 373.3
|2 MRF
|
| 080 |
|
|
|a 37.014.542
|2 MRF
|
| 080 |
|
|
|a (=214.58)-053.2
|2 MRF
|
| 080 |
|
|
|a (437.3)
|2 MRF
|
| 080 |
|
|
|a (078.7)
|2 MRF
|
| 080 |
|
|
|a (036)
|2 MRF
|
| 245 |
0 |
0 |
|a Jak se dělá "Škola pro všechny" /
|c sestavili členové týmu konzultantů projektu Škola pro všechny ; Pavla Polechová (ed.) ... [et al.]
|
| 246 |
3 |
0 |
|a Škola pro všechny
|
| 250 |
|
|
|a 1. vyd.
|
| 260 |
|
|
|a Kladno :
|b AISIS,
|c c2005
|
| 300 |
|
|
|a 101 s. ;
|c 21 cm
|
| 504 |
|
|
|a Obsahuje bibliografické odkazy
|
| 650 |
0 |
7 |
|a romské děti
|7 ph125208
|z Česko
|2 czenas
|
| 650 |
0 |
7 |
|a integrovaná výchova a vzdělávání
|7 ph121132
|z Česko
|2 czenas
|
| 650 |
0 |
7 |
|a základní školy
|7 ph116795
|z Česko
|2 czenas
|
| 650 |
0 |
7 |
|a vzdělávací projekty
|7 ph242428
|z Česko
|2 czenas
|
| 650 |
0 |
9 |
|a Romani children
|z Czechia
|2 eczenas
|
| 650 |
0 |
9 |
|a integrated education
|z Czechia
|2 eczenas
|
| 650 |
0 |
9 |
|a elementary schools
|z Czechia
|2 eczenas
|
| 650 |
0 |
9 |
|a educational projects
|z Czechia
|2 eczenas
|
| 655 |
|
7 |
|a případové studie
|7 fd133208
|2 czenas
|
| 655 |
|
7 |
|a informační publikace
|7 fd132454
|2 czenas
|
| 655 |
|
9 |
|a case studies
|2 eczenas
|
| 655 |
|
9 |
|a information publications
|2 eczenas
|
| 700 |
1 |
|
|a Polechová, Pavla,
|d 1948-
|7 jn20010309716
|4 edt
|
| 901 |
|
|
|f 1. vyd.
|o 20050610
|
| 910 |
|
|
|a ZLD002
|
| 942 |
|
|
|2 udc
|
| 952 |
|
|
|0 0
|1 0
|4 0
|5 0
|6 376JAK
|7 -1
|8 BOOK
|9 191049
|a UTBZL
|b UTBZL
|c 005
|d 2026-05-07
|l 0
|o 376/JAK
|p 420010202077
|r 2026-05-07 09:10:35
|v 94.00
|w 2026-05-07
|x N: dar
|y 01
|
| 992 |
|
|
|b SKNEW
|
| 999 |
|
|
|c 115614
|d 115614
|